000 00456nam a22001577a 4500
003 OSt
082 _a627.52
_bASW/AR
088 _aP 517
100 _aAswathi T
_94977
100 _aHaritha M
_94978
100 _aShamili K P
_94979
245 _aArtificial neural network model for prediction of rainfall and evaporation
260 _aKCAET, Tavanur
_bDepartment of irrigation and drainage engineering
_c2021
700 _aSasikala D (Guide)
942 _cPR
999 _c17406
_d17406